LEADER 01062nam a2200241 i 4500 001 000000186005 003 CaOOAMICUS 005 20151016000000.0 008 151016s1982 it u000 u ita u 013 $a164048 040 $aSeMil$bita 100 1 $aCrippa, Luigi,$c.$0(OLS)http://semarc/name/92854 245 10$a[Tre volumi e una speranza in margine a recenti «commenti» alla RB /$cLuigi Crippa]. 260 $aRoma :$bAbbazia di S. Paolo,$c1982. 300 $aP. 176-194 ;$c24 cm. 500 $aEstratto da Benedectina, Anno 29 - 1982 - Fasc. 1. - Fondo card. Giovanni Colombo. 650 4$aBenedettini - Regola - Commenti.$0(OLS)http://semarc/subject/21043 850 $aSeMil 852 $aSeMil$W1$xVenegono$y1$m3GC VIII 216/32$j136692$B136692$CSeMilBibl$Z2$F148248 $8B 941 1 $a3 961 $aLascito: Colombo Card. Giovanni 996 $6245$a[Tre volumi e una speranza in margine a recenti «commenti» alla RB$9(OLS)http://semarc/title/267353 996 $6260$aRoma :$bAbbazia di S. Paolo$9(OLS)http://semarc/publisher/31956 LEADER 01115nam a2200277 i 4500 001 000000112183 003 CaOOAMICUS 005 20050927000000.0 008 050927s1972 fr u000 u fre u 013 $a84867 040 $aSeMil$bita 100 1 $aBruneau, Jean.$0(OLS)http://semarc/name/8907 245 10$aAlbum Flaubert /$ciconographie réunie et commentée par Jean Bruneau et Jean A. Ducourneau. 260 $a[Paris] :$bGallimard,$ccopyr. 1972. 300 $a219 p. :$briccamente ill. ;$c18 cm. 490 0 $aBibliothèque de la pléiade 500 $aFondo Ciprandi. 650 4$aFlaubert, Gustave <1821-1880> - Opere.$0(OLS)http://semarc/subject/3625 700 1 $aDucourneau, Jean A.$0(OLS)http://semarc/name/45310 830 0$aBibliothèque de la Pléiade.$0(OLS)http://semarc/title/42418 850 $aSeMil 852 $aSeMil$W1$xVenegono$y1$m5P I 5$j67965$B67965$CSeMilBibl$Z2$F103450 $81 941 1 $a1 961 $aOmaggio: Ciprandi dott. Paolo 996 $6245$aAlbum Flaubert$9(OLS)http://semarc/title/163512 996 $6260$a[Paris] :$bGallimard$9(OLS)http://semarc/publisher/30050